Statistics for Country Flags with the Most Red

Click here to take the quiz!

General Stats

  • This quiz has been taken 14,834 times
  • The average score is 11 of 15

Answer Stats

Answer % Correct
China
99%
Switzerland
97%
Turkey
95%
Denmark
88%
Vietnam
86%
Albania
85%
Morocco
75%
Latvia
73%
Tunisia
67%
Taiwan
66%
Montenegro
62%
Kyrgyzstan
54%
Tonga
51%
Samoa
48%
East Timor
39%

Score Distribution

Percentile by Number Answered

Percent of People with Each Score

Your Score History

You have not taken this quiz